Peregrinação de Fernão Mendes Pinto (Registo nº 28670)

Detalhes MARC
000 -Etiqueta do registo
Valores 00846cam a2200277 4500
021 ## - Número do Depósito Legal
-- PT
Número 17435/87
090 ## -
-- 28670
095 ## -
-- PTBN00044288
100 ## - Dados gerais de processamento
Dados gerais 20071022d1976 a y0pory5003 ba
101 0# - Língua de publicação
-- por
102 ## - País de publicação
-- PT
200 1# - Titulo e menção de responsabilidade
Título próprio Peregrinação de Fernão Mendes Pinto
Informação de outro título aventuras extraordinárias de um português no oriente
Primeira menção de responsabilidade adapt. Aquilino Ribeiro
Outras menções de responsabilidade il. Martins Barata
205 ## - Menção da edição
Edição 8ª ed.
210 ## - Publicação
Local de publicação Lisboa
Nome do editor Sá da Costa
Data de publicação 1976
215 ## - Descrição física 
Paginação / Volumes 216 p.
Outras indicações físicas il.
Dimensões 21 cm
225 2# - Colecção 
Título próprio da colecção <Os >Grandes Livros da Humanidade
675 ## - CDU
Notação 087.5
Edição med
Língua por
700 #1 - Autor principal (pessoa individual)
Apelido Ribeiro,
Nome Aquilino,
Datas 1885-1963
702 #1 - Autor secundário (pessoa individual)
Apelido Barata,
Nome Martins,
Datas 1899-1970
-- 440
702 #1 - Autor secundário (pessoa individual)
Apelido Pinto,
Nome Fernão Mendes,
Datas 1514?-1583
-- 100
801 #0 - Fonte de origem
País PT
Agência BN
Regras de catalogação RPC
930 ## -
-- BERE
998 ## -
-- BN014 - 00262
990 ## - Elementos KOHA
Tipo de documento Livro
995 ## - Localização e informação dos exemplares
-- 18
995 ## - Localização e informação dos exemplares
-- 18
Exemplares
Situação do levantamento Estado Biblioteca de origem Biblioteca de empréstimo Código de barras Cota Permissão de empréstimo Tipo de documento
  Completo Biblioteca do Centro Escolar de Viana do Alentejo Biblioteca do Centro Escolar de Viana do Alentejo 1197BV 087.5 RIB Disponível Livro
  Completo Biblioteca do Centro Escolar de Viana do Alentejo Biblioteca do Centro Escolar de Viana do Alentejo 1198BV 087.5 RIB Disponível Livro




Powered by Koha